Culture Générale - Série 1045 - Statistiques

Statistiques générales
  • Ce quiz a été pris 149 fois
  • Le résultat moyen est 7 sur 10
Statistiques - réponses
Question Réponse % Correct
Quel mois de l'année est le plus souvent associé aux giboulées ? Mars
99%
L'agent Jack Malone est à la tête d'une section spéciale de recherche dans la série télévisée "FBI : portés... disparus
95%
Dans quel pays d'Europe se trouve la communauté autonome des Asturies ? Espagne
88%
Comment appelle-t-on spécifiquement un tireur à l'arc ? archer
78%
Quelle partie du costume de la mariée est traditionnellement ôtée par un garçon d'honneur et vendue aux enchères aux invités ? jarretière
70%
Quelle substance molle et jaune, utilisée pour construire les alvéoles de la ruche, est sécrétée par les glandes cirières des abeilles ? cire
69%
Quel insecte lépidoptère donne son nom à l'effet mis en évidence par le météorologue Edward Lorenz ? papillon
66%
En Camargue, quel mot tiré du provençal "manado", désigne un troupeau de taureaux ou de chevaux conduits par un gardian ? manade
58%
Quel homme politique a précédé François Fillon aux fonctions de Premier ministre ? Dominique de Villepin
38%
Quel acteur partage, avec Jean-Paul Belmondo, l'affiche du film “Itinéraire d'un enfant gâté” ? Richard Anconina
26%
Aucun quiz correspondant
Distribution des résultats
% des personnes avec chaque résultat
Percentile par nombre de réponses
Votre historique - résultats
Vous n’avez pas pris ce quiz